Selection of sweetpotato clones for starch or animal feed / (Record no. 9503)
[ view plain ]
| 000 -LEADER | |
|---|---|
| fixed length control field | 00977nam a22002651u 4500 |
| 001 - CONTROL NUMBER | |
| control field | 12180 |
| 003 - CONTROL NUMBER IDENTIFIER | |
| control field | HDC |
| 007 - PHYSICAL DESCRIPTION FIXED FIELD--GENERAL INFORMATION | |
| fixed length control field | cr bn --- |
| 008 - FIXED-LENGTH DATA ELEMENTS--GENERAL INFORMATION | |
| fixed length control field | 210209p2000 my eng |
| 040 ## - CATALOGING SOURCE | |
| Original cataloging agency | HDC |
| 100 ## - MAIN ENTRY--PERSONAL NAME | |
| Personal name | Tan, Swee Lian, |
| Relator term | author |
| 9 (RLIN) | 12617 |
| 245 #0 - TITLE STATEMENT | |
| Title | Selection of sweetpotato clones for starch or animal feed / |
| Statement of responsibility, etc. | by Tan Swee Lian, Mooi Kok Chee, Zaharah Ariffin, Cheah Lee Shen and Tan Hoe Hing |
| 260 ## - PUBLICATION, DISTRIBUTION, ETC. | |
| Place of publication, distribution, etc. | Serdang : |
| Name of publisher, distributor, etc. | Malaysian Agricultural Research and Development Institute (MARDI), |
| Date of publication, distribution, etc. | 2000 |
| 300 ## - PHYSICAL DESCRIPTION | |
| Extent | 1 page |
| 336 ## - CONTENT TYPE | |
| Content type term | text |
| Source | rdacontent |
| 337 ## - MEDIA TYPE | |
| Media type term | computer |
| Source | rdamedia |
| 338 ## - CARRIER TYPE | |
| Carrier type term | online resource |
| Source | rdacarrier |
| 650 ## - SUBJECT ADDED ENTRY--TOPICAL TERM | |
| Topical term or geographic name entry element | Mineral soils |
| 9 (RLIN) | 12619 |
| 650 ## - SUBJECT ADDED ENTRY--TOPICAL TERM | |
| Topical term or geographic name entry element | Root yield |
| 9 (RLIN) | 12620 |
| 650 ## - SUBJECT ADDED ENTRY--TOPICAL TERM | |
| Topical term or geographic name entry element | Sweetpotato |
| 9 (RLIN) | 12618 |
| 856 ## - ELECTRONIC LOCATION AND ACCESS | |
| Public note | Request full-text at [email protected] |
| 942 ## - ADDED ENTRY ELEMENTS (KOHA) | |
| Source of classification or shelving scheme | Library of Congress Classification |
| 942 ## - ADDED ENTRY ELEMENTS (KOHA) | |
| Koha item type | Articles |
| 942 ## - ADDED ENTRY ELEMENTS (KOHA) | |
| Call number prefix | JART 003029 |
| Withdrawn status | Lost status | Source of classification or shelving scheme | Damaged status | Not for loan | Home library | Current library | Shelving location | Date acquired | Total checkouts | Full call number | Date last seen | Price effective from | Koha item type |
|---|---|---|---|---|---|---|---|---|---|---|---|---|---|
| Library of Congress Classification | Halal Development Corporation Library | Halal Development Corporation Library | Open Shelves | 24/05/2023 | JART 003029 | 24/05/2023 | 24/05/2023 | Articles |
